New headway English course - Intermediate [Băng Casset] /
Shranjeno v:
| Glavni avtor: | |
|---|---|
| Drugi avtorji: | |
| Format: | CD |
| Jezik: | Vietnamese |
| Izdano: |
Oxford :
Oxford University Press ,
1998
|
| Oznake: |
Označite
Brez oznak, prvi označite!
|
| Thư viện lưu trữ: | Thư viện Trường Đại học Đà Lạt |
|---|
| LEADER | 00643nam a2200265 4500 | ||
|---|---|---|---|
| 001 | DLU030024509 | ||
| 005 | ##20011022 | ||
| 020 | # | # | |a 0194702278 |
| 041 | # | # | |a vie |
| 082 | # | # | |a 428 |b SO-L |
| 090 | # | # | |a 428 |b SO-L |
| 100 | # | # | |a Soars, Liz |
| 245 | # | # | |a New headway English course - Intermediate [Băng Casset] / |c Soars Liz, Soars John |
| 260 | # | # | |a Oxford : |b Oxford University Press , |c 1998 |
| 300 | # | # | |a 2 băng Casset |
| 700 | # | # | |a Soars, John |
| 992 | # | # | |a 0 |
| 994 | # | # | |a DLU |
| 900 | # | # | |a True |
| 911 | # | # | |a Phan Ngọc Đông |
| 925 | # | # | |a BT |
| 926 | # | # | |a A |
| 927 | # | # | |a CD |
| 980 | # | # | |a Thư viện Trường Đại học Đà Lạt |


